000 00674 a2200241 4500
001 sjds
003 sjds
005 20240227184549.0
008 240227b |||||||| |||| 00| 0 spa d
020 _a0780232569 (pbk.)
020 _a9780780232563 (pbk.)
020 _a799070325693
024 _2UPC
_a799070325693
040 _csjds
041 _aspa
100 1 0 _aNelson, JoAnne
245 _aLa seguridad ante todo! / por JoAnne Nelson ; dibujos por Mits Katayama.
260 _aBothell, WA :
_bWright Group,
_cc1995.
300 _a24 pages :
_bcolor illustrations ;
_c27 cm.
500 _aOther Titles: Play it safe.
700 1 0 _aKatayama, Mits.
942 _cBK
999 _c21590
_d21590